000 00234nam a22000857a 4500
999 _c11524
_d11524
008 190531b ||||| |||| 00| 0 eng d
100 _aRohit
_97236
245 _aCBSE Social Science Sample Papers-X
260 _aNew Delhi
_bRohit Publications